000 00302nam a22001217a 4500
003 OSt
008 211204b ||||| |||| 00| 0 eng d
082 _a028.701
_bVIJ/LI
100 _aVijaya ghose
_95136
245 _aLimca book of records 1996
260 _aDelhi
_bBritco foods co.ltd
_c1996
942 _cBK
999 _c17483
_d17483